[Event "Solingen-ch"]
[Site "Solingen"]
[Date "2009.09.15"]
[Round "1"]
[White "Conrad, Joachim"]
[Black "Richert, Siegbert"]
[Result "1-0"]
[WhiteElo "2073"]
[BlackElo "1815"]
[PlyCount "41"]
[EventDate "2009.09.15"]
[EventType "swiss"]
[EventRounds "7"]
[EventCountry "GER"]
[SourceTitle "EXT 2011"]
[Source "ChessBase"]
[SourceDate "2010.11.26"]
[SourceVersion "1"]
[SourceVersionDate "2010.11.26"]
[SourceQuality "1"]

1. d4 Nf6 2. c4 e6 3. Nc3 d5 4. g3 c6 5. Bg2 Bb4 6. Qb3 Bxc3+ 7. bxc3 0-0 8. Nf3 Nbd7 9. 0-0 Re8 10. cxd5 exd5 11. e3 b6 12. Re1 c5 13. c4 Bb7 14. Ba3 dxc4 15. Qxc4 Bd5 16. Qa4 Ne4 17. Nd2 Qf6 18. Nxe4 Bxe4 19. Qxd7 Bxg2 20. Kxg2 Red8 21. Qb7 1-0

[Event "Solingen-ch"]
[Site "Solingen"]
[Date "2009.09.15"]
[Round "5"]
[White "Klasmeier, Mario"]
[Black "Richert, Siegbert"]
[Result "1/2-1/2"]
[WhiteElo "1832"]
[BlackElo "1815"]
[PlyCount "63"]
[EventDate "2009.09.15"]
[EventType "swiss"]
[EventRounds "7"]
[EventCountry "GER"]
[SourceTitle "EXT 2011"]
[Source "ChessBase"]
[SourceDate "2010.11.26"]
[SourceVersion "1"]
[SourceVersionDate "2010.11.26"]
[SourceQuality "1"]

1. e4 e5 2. Nf3 Nc6 3. d4 exd4 4. Bc4 Nf6 5. e5 d5 6. Bb5 Ne4 7. Nxd4 Bd7 8. 0-0 Nxd4 9. Bxd7+ Qxd7 10. Qxd4 Bc5 11. Qd3 0-0 12. Nc3 Nxc3 13. Qxc3 Bb6 14. Qg3 Qe6 15. Kh1 Rfe8 16. f4 f6 17. exf6 Qxf6 18. f5 Re4 19. Bg5 Qf7 20. f6 Rae8 21. Bh6 g6 22. Bg7 Bc5 23. c3 Bf8 24. Bxf8 Rxf8 25. h4 h5 26. Rf2 Rg4 27. Qh3 Re8 28. Raf1 Ree4 29. g3 Kf8 30. Kg1 Qe6 31. Rf3 Re3 32. Qg2 1/2-1/2

[Event "Solingen-ch"]
[Site "Solingen"]
[Date "2009.09.15"]
[Round "6"]
[White "Richert, Siegbert"]
[Black "Baumann, Ralf Ruediger"]
[Result "1-0"]
[WhiteElo "1815"]
[BlackElo "1808"]
[PlyCount "115"]
[EventDate "2009.09.15"]
[EventType "swiss"]
[EventRounds "7"]
[EventCountry "GER"]
[SourceTitle "EXT 2011"]
[Source "ChessBase"]
[SourceDate "2010.11.26"]
[SourceVersion "1"]
[SourceVersionDate "2010.11.26"]
[SourceQuality "1"]

1. e4 e5 2. Nf3 Nc6 3. d4 exd4 4. Nxd4 Bc5 5. Nxc6 dxc6 6. Qxd8+ Kxd8 7. Bc4 f6 8. Bf4 Bd6 9. Bg3 Nh6 10. Nc3 Ke7 11. Ne2 Bxg3 12. Nxg3 Rd8 13. f3 Be6 14. Bxe6 Kxe6 15. Ke2 g6 16. Rad1 Nf7 17. b3 Nd6 18. c4 a5 19. Rc1 c5 20. a4 Ra6 21. Rhd1 Rb6 22. Rc3 Nf7 23. Rd5 Rxd5 24. exd5+ Ke7 25. Ne4 c6 26. Nxc5 cxd5 27. cxd5 Kd6 28. Ne4+ Kxd5 29. Rd3+ Ke5 30. Ke3 f5 31. f4+ Ke6 32. Nc5+ Ke7 33. Rd7+ Ke8 34. Rxb7 Rc6 35. Rb5 Ke7 36. Rxa5 Kd6 37. b4 g5 38. fxg5 Ne5 39. Nb7+ Kc7 40. Rxe5 Kxb7 41. Rxf5 Rc3+ 42. Kd4 Rc2 43. Rf7+ Kb8 44. Rxh7 Rxg2 45. h4 Rg4+ 46. Kc5 Kc8 47. a5 Rf4 48. Kc6 Kb8 49. Kb6 Rxb4+ 50. Kc5 Ra4 51. Kb5 Ra1 52. g6 Rb1+ 53. Kc4 Rc1+ 54. Kd3 Rg1 55. g7 Rg3+ 56. Ke4 Rg4+ 57. Kf5 Rg1 58. Rh8+ 1-0

[Event "Solingen-ch"]
[Site "Solingen"]
[Date "2009.09.15"]
[Round "2"]
[White "Richert, Siegbert"]
[Black "Kaplun, David"]
[Result "1-0"]
[WhiteElo "1815"]
[BlackElo "1539"]
[PlyCount "93"]
[EventDate "2009.09.15"]
[EventType "swiss"]
[EventRounds "7"]
[EventCountry "GER"]
[SourceTitle "EXT 2011"]
[Source "ChessBase"]
[SourceDate "2010.11.26"]
[SourceVersion "1"]
[SourceVersionDate "2010.11.26"]
[SourceQuality "1"]

1. e4 c5 2. Nf3 e6 3. c3 d6 4. d4 cxd4 5. cxd4 a6 6. Nc3 b5 7. d5 e5 8. Bd3 Bg4 9. h3 Bh5 10. a3 Nf6 11. Bg5 Be7 12. Qe2 Nbd7 13. b4 Rc8 14. Rc1 0-0 15. 0-0 h6 16. Be3 Nh7 17. g4 Bg6 18. Qd2 Ndf6 19. Nh2 Nd7 20. f4 exf4 21. Bxf4 Bf6 22. Nf3 Re8 23. Rfe1 Ne5 24. Nxe5 Bxe5 25. Bxe5 Rxe5 26. Qf2 Rc7 27. Qb6 h5 28. Nxb5 axb5 29. Qxc7 Qh4 30. Qb8+ Nf8 31. Re3 Qg5 32. Rce1 hxg4 33. Rg3 Qh4 34. Ree3 gxh3 35. Rxh3 Qg4+ 36. Rhg3 Qd1+ 37. Kf2 Qd2+ 38. Re2 Qf4+ 39. Kg2 Bxe4+ 40. Bxe4 Rxe4 41. Qxb5 Ng6 42. Qb8+ Kh7 43. Rxe4 Qxe4+ 44. Kf2 Qc2+ 45. Kg1 Qd1+ 46. Kh2 Qh5+ 47. Rh3 1-0

[Event "Dortmund Sparkassen op-B"]
[Site "Dortmund"]
[Date "2008.07.06"]
[Round "9"]
[White "Webner, Dennis"]
[Black "Richert, Siegbert"]
[Result "1-0"]
[WhiteElo "1888"]
[BlackElo "1808"]
[PlyCount "60"]
[EventDate "2008.06.30"]
[EventType "swiss"]
[EventRounds "9"]
[EventCountry "GER"]
[SourceTitle "EXT 2022"]
[Source "ChessBase"]
[SourceDate "2021.10.06"]
[SourceVersion "1"]
[SourceVersionDate "2021.10.06"]
[SourceQuality "1"]

1. e4 e5 2. Nf3 Nc6 3. d4 exd4 4. Bc4 Nf6 5. e5 d5 6. Bb5 Ne4 7. Nxd4 Bd7 8. Bxc6 bxc6 9. 0-0 Bc5 10. f3 Ng5 11. f4 Ne4 12. Be3 Qe7 13. Nd2 Bxd4 14. Bxd4 Bf5 15. Nxe4 Bxe4 16. c3 Kd7 17. Qg4+ Qe6 18. f5 Qe7 19. e6+ Kc8 20. f6 gxf6 21. Bxf6 h5 22. Qh3 fxe6 23. Bxe7 Kb7 24. c4 Rag8 25. Rf2 Rh7 26. Qxe6 Rhg7 27. g3 h4 28. Bxh4 Rh8 29. Qf6 Rgh7 30. Rf4 Rg8 1-0

[Event "Dortmund Sparkassen op-B"]
[Site "Dortmund"]
[Date "2008.07.05"]
[Round "8"]
[White "Richert, Siegbert"]
[Black "Mundorf, Johannes"]
[Result "0-1"]
[WhiteElo "1808"]
[BlackElo "1798"]
[PlyCount "54"]
[EventDate "2008.06.30"]
[EventType "swiss"]
[EventRounds "9"]
[EventCountry "GER"]
[SourceTitle "EXT 2022"]
[Source "ChessBase"]
[SourceDate "2021.10.06"]
[SourceVersion "1"]
[SourceVersionDate "2021.10.06"]
[SourceQuality "1"]

1. e4 e6 2. Nf3 d5 3. exd5 exd5 4. d4 Bg4 5. Bd3 Nc6 6. c3 Bd6 7. 0-0 Nge7 8. Re1 Qd7 9. Nbd2 0-0-0 10. Qa4 Kb8 11. b4 Nxd4 12. Qxd7 Nxf3+ 13. Nxf3 Rxd7 14. Nd4 c6 15. h3 Bh5 16. Be3 Bg6 17. Be2 h5 18. a4 Nf5 19. Bd3 Nxe3 20. Bxg6 Nxg2 21. Bf5 Nxe1 22. Bxd7 Nd3 23. Bf5 Nf4 24. h4 g6 25. Bc2 Be5 26. Rd1 Re8 27. c4 Bxd4 0-1

[Event "Dortmund Sparkassen op-B"]
[Site "Dortmund"]
[Date "2008.07.03"]
[Round "6"]
[White "Richert, Siegbert"]
[Black "Dolgopolyj, Vladimir"]
[Result "1/2-1/2"]
[WhiteElo "1808"]
[BlackElo "1880"]
[PlyCount "100"]
[EventDate "2008.06.30"]
[EventType "swiss"]
[EventRounds "9"]
[EventCountry "GER"]
[SourceTitle "EXT 2022"]
[Source "ChessBase"]
[SourceDate "2021.10.06"]
[SourceVersion "1"]
[SourceVersionDate "2021.10.06"]
[SourceQuality "1"]

1. e4 Nf6 2. Nc3 d5 3. e5 Ne4 4. Nxe4 dxe4 5. d3 Bf5 6. Be3 e6 7. g4 Bg6 8. Bg2 Nc6 9. h4 h5 10. gxh5 Bxh5 11. Qd2 exd3 12. Bxc6+ bxc6 13. Qxd3 Qd5 14. Qxd5 cxd5 15. f4 Be7 16. Kd2 c5 17. Bf2 Rb8 18. b3 Rb4 19. Nh3 Bg4 20. c3 Re4 21. Rae1 Bf3 22. Rhg1 Bxh4 23. Rxe4 Bxf2 24. Nxf2 dxe4 25. Ke3 g6 26. Nxe4 Bxe4 27. Kxe4 Rh3 28. Rc1 Kd7 29. a4 Kc6 30. b4 Rh2 31. Rd1 Re2+ 32. Kd3 Ra2 33. Kc4 cxb4 34. Rd6+ Kc7 35. Kxb4 Rg2 36. Kc5 g5 37. Rc6+ Kb7 38. fxg5 Rxg5 39. Kd6 Rf5 40. a5 Rf1 41. a6+ Kb8 42. Kd7 Rd1+ 43. Rd6 Re1 44. Rc6 Rd1+ 45. Ke7 Rf1 46. Kd8 Rd1+ 47. Ke7 Rf1 48. Rc4 Rf5 49. Kd6 Rf3 50. Rh4 Rd3+ 1/2-1/2

[Event "Dortmund Sparkassen op-B"]
[Site "Dortmund"]
[Date "2008.07.01"]
[Round "3"]
[White "Richert, Siegbert"]
[Black "Wilms, Christoph"]
[Result "1/2-1/2"]
[WhiteElo "1808"]
[BlackElo "1638"]
[PlyCount "40"]
[EventDate "2008.06.30"]
[EventType "swiss"]
[EventRounds "9"]
[EventCountry "GER"]
[SourceTitle "EXT 2022"]
[Source "ChessBase"]
[SourceDate "2021.10.06"]
[SourceVersion "1"]
[SourceVersionDate "2021.10.06"]
[SourceQuality "1"]

1. e4 c5 2. Nf3 d6 3. c3 Nf6 4. Be2 e6 5. 0-0 Be7 6. d3 0-0 7. Nbd2 Nbd7 8. b3 b6 9. d4 Bb7 10. Bd3 Qc7 11. Bb2 e5 12. d5 Nh5 13. g3 f5 14. Nh4 Bxh4 15. Qxh5 Be7 16. Qe2 fxe4 17. Bxe4 Nf6 18. c4 Nxe4 19. Nxe4 Rf7 20. Kg2 Raf8 1/2-1/2